Statistics for Health Quiz

Click here to take the quiz!

General Stats

  • This quiz has been taken 6 times
    (5 since last reset)
  • The average score is 16 of 51

Answer Stats

HintAnswer% Correct
Inability to go to sleepInsomnia
100%
Types of ExerciseAerobic
100%
Types of ExerciseAnaerobic
100%
RICEElevate
67%
RICERest
67%
RICEIce
67%
RICECompress
67%
Goal which helps monitor workout intensityTarget heart rate
67%
Types of FatigueEmotional fatigue
33%
Types of FatiguePhysical fatigue
33%
Types of FatigueFatigue due to illness
33%
Motivation IdeasKeep an exercise journal
33%
Something that improves physical performanceErgogenic aid
33%
Types of Strength TrainingIsokinetic
33%
Types of Strength TrainingIsotonic
33%
Benefits of ExerciseIncreases BMR
33%
Benefits of ExerciseRelieves depression
33%
Benefits of ExerciseIncreases strength and stamina
33%
Aspects of FitnessMuscular strength
33%
Motivation IdeasEnter a competition
33%
Motivation IdeasTrain with a friend
33%
Aspects of FitnessCardiovascular fitness
33%
Descriptions of These ComponentsHow can I stay motivated?
33%
Exercise HabitsOverload
33%
Components of an Exercise ProgramDuration
33%
Components of an Exercise ProgramIntensity
33%
Components of an Exercise ProgramType of activity
33%
Exercise HabitsCross training
33%
Exercise HabitsSpecificity
33%
Exercise HabitsProgression
33%
Components of an Exercise ProgramMotivation
33%
Components of an Exercise ProgramMaintenance
33%
Descriptions of These ComponentsWhat should I do?
33%
Descriptions of These ComponentsHow hard should I work?
33%
Aspects of FitnessFat-versus-lean relationship
33%
Aspects of FitnessFlexibility
33%
Descriptions of These ComponentsHow long should I work out?
33%
Descriptions of These ComponentsHow often should I work out?
33%
Components of an Exercise ProgramFrequency
0%
Benefits of ExerciseImproves mental awareness
0%
Types of Strength TrainingIsometric
0%
Benefits of ExerciseReduces stress and tension
0%
Descriptions of These ComponentsHow long will I keep up my program?
0%
Benefits of ExerciseHelps you sleep more restfully
0%
Benefits of ExerciseHelps you adjust to climate changes
0%
Benefits of ExerciseHelps lose excess weight
0%
Benefits of ExerciseHelps dely aging
0%
Benefits of ExerciseIncreases flexibility
0%
Motivation IdeasAdd music to your workout
0%
Motivation IdeasPlan and follow a regular program
0%
Motivation IdeasJoin a club or group
0%

Score Distribution

Percentile by Number Answered

Percent of People with Each Score

Your Score History

You have not taken this quiz since the last reset